<?xml version="1.0" encoding="UTF-8"?>
<record
    xmlns:xsi="http://www.w3.org/2001/XMLSchema-instance"
    xsi:schemaLocation="http://www.loc.gov/MARC21/slim http://www.loc.gov/standards/marcxml/schema/MARC21slim.xsd"
    xmlns="http://www.loc.gov/MARC21/slim">

  <leader>00623nam1a22002051i 4500</leader>
  <controlfield tag="001">rc\1188723</controlfield>
  <controlfield tag="005">20240724000742.0</controlfield>
  <datafield tag="035" ind1=" " ind2=" ">
    <subfield code="a">(NLR Aleph) 005973525</subfield>
  </datafield>
  <datafield tag="090" ind1=" " ind2=" ">
    <subfield code="a">6957933</subfield>
    <subfield code="c">6957933</subfield>
  </datafield>
  <datafield tag="100" ind1=" " ind2=" ">
    <subfield code="a">20060320d1985    u  |0rusy50      ca</subfield>
  </datafield>
  <datafield tag="101" ind1="0" ind2=" ">
    <subfield code="a">rus</subfield>
  </datafield>
  <datafield tag="102" ind1=" " ind2=" ">
    <subfield code="a">RU</subfield>
  </datafield>
  <datafield tag="105" ind1=" " ind2=" ">
    <subfield code="a">y   |||||||||</subfield>
  </datafield>
  <datafield tag="200" ind1="1" ind2=" ">
    <subfield code="a">&#x41F;&#x43E;&#x441;&#x43B;&#x435;&#x443;&#x431;&#x43E;&#x440;&#x43E;&#x447;&#x43D;&#x430;&#x44F; &#x43E;&#x431;&#x440;&#x430;&#x431;&#x43E;&#x442;&#x43A;&#x430; &#x438; &#x445;&#x440;&#x430;&#x43D;&#x435;&#x43D;&#x438;&#x435; &#x437;&#x435;&#x440;&#x43D;&#x430;</subfield>
    <subfield code="e">&#x423;&#x43A;&#x430;&#x437;&#x430;&#x442;&#x435;&#x43B;&#x44C;...</subfield>
    <subfield code="f">&#x412;&#x410;&#x421;&#x425;&#x41D;&#x418;&#x41B;. &#x426;&#x435;&#x43D;&#x442;&#x440; &#x43D;&#x430;&#x443;&#x447;. &#x441;.-&#x445;. &#x431;-&#x43A;&#x430;</subfield>
  </datafield>
  <datafield tag="210" ind1=" " ind2=" ">
    <subfield code="a">&#x41C;.</subfield>
    <subfield code="c">&#x426;&#x41D;&#x421;&#x425;&#x411;</subfield>
    <subfield code="d">1985</subfield>
  </datafield>
  <datafield tag="215" ind1=" " ind2=" ">
    <subfield code="d">20</subfield>
  </datafield>
  <datafield tag="801" ind1=" " ind2="0">
    <subfield code="a">RU</subfield>
    <subfield code="b">NLR</subfield>
    <subfield code="g">psbo</subfield>
  </datafield>
  <datafield tag="801" ind1=" " ind2="1">
    <subfield code="a">RU</subfield>
    <subfield code="b">ELAR</subfield>
    <subfield code="2">rusmarc</subfield>
  </datafield>
  <datafield tag="852" ind1=" " ind2=" ">
    <subfield code="a">NLR</subfield>
    <subfield code="b">&#x421;</subfield>
    <subfield code="j">&#x41A;-1/3071</subfield>
  </datafield>
  <datafield tag="942" ind1=" " ind2=" ">
    <subfield code="c">BOOK</subfield>
  </datafield>
</record>
